Sociology /

Dettagli Bibliografici
Autore principale: Giddens, Anthony
Altri autori: Sutton, Philip W.
Natura: Libro
Lingua:English
Pubblicazione: Cambridge [England] : Polity Press, 2017
Edizione:Eight edition
Soggetti:
Classic Catalogue: View this record in Classic Catalogue
LEADER 01800nam a22003377a 4500
001 32342
003 BD-DhAAL
005 20180104170101.0
008 180104t2017 xxka|||| bi|| 001 0 eng d
999 |c 38906  |d 38906 
020 |a 9788126568161 
040 |a BD-DhAAL 
050 0 0 |a HM51  |b .G4448 1997 
082 0 0 |a 301  |2 21 
100 1 |a Giddens, Anthony.  |9 24439 
245 1 0 |a Sociology /  |c Anthony Giddens and Philip W. Sutton 
250 |a Eight edition 
260 |a Cambridge [England] :  |b Polity Press,  |c 2017 
300 |a xi, 1130 pages :  |b illustrations ;  |c 27 cm. 
504 |a Includes bibliographical references (p. 1021-1074) and index. 
526 |a AAL 
541 |a Parama  |e 32342 
650 0 |a Sociology  |9 24440 
700 |a Sutton, Philip W.   |9 24441 
852 |a Ayesha Abed Library  |c General Stacks 
942 |2 ddc  |c BK 
952 |0 0  |1 0  |2 ddc  |4 0  |6 301_000000000000000_GID  |7 0  |9 62420  |a BRACUL  |b BRACUL  |c GEN  |d 2018-01-03  |e Parama  |g 1613.25  |l 15  |m 108  |o 301 GID  |p 3010032345  |r 2025-09-17  |s 2025-06-23  |t 4  |v 1613.25  |w 2018-01-03  |y BK 
952 |0 0  |1 0  |2 ddc  |4 0  |6 301_000000000000000_GID  |7 0  |9 62421  |a BRACUL  |b BRACUL  |c GEN  |d 2018-01-03  |e Parama  |g 1613.25  |l 22  |m 127  |o 301 GID  |p 3010032342  |r 2025-10-07  |s 2025-06-22  |t 1  |v 1613.25  |w 2018-01-03  |y BK 
952 |0 0  |1 0  |2 ddc  |4 0  |6 301_000000000000000_GID  |7 0  |9 62422  |a BRACUL  |b BRACUL  |c GEN  |d 2018-01-03  |e Parama  |g 1613.25  |l 3  |m 24  |o 301 GID  |p 3010032346  |r 2025-10-06  |s 2025-07-26  |t 5  |v 1613.25  |w 2018-01-03  |y BK 
952 |0 0  |1 0  |2 ddc  |4 0  |6 301_000000000000000_GID  |7 0  |9 62423  |a BRACUL  |b BRACUL  |c GEN  |d 2018-01-03  |e Parama  |g 1613.25  |l 26  |m 157  |o 301 GID  |p 3010032344  |r 2026-02-02  |s 2025-07-13  |t 3  |v 1613.25  |w 2018-01-03  |y BK 
952 |0 0  |1 0  |2 ddc  |4 0  |6 301_000000000000000_GID  |7 0  |9 62424  |a BRACUL  |b BRACUL  |c GEN  |d 2018-01-03  |e Parama  |g 1613.25  |l 22  |m 153  |o 301 GID  |p 3010032343  |r 2025-09-17  |s 2025-09-16  |t 2  |v 1613.25  |w 2018-01-03  |y BK